000 01577 a2200229 4500
003 OSt
005 20180116192401.0
008 120702t xxu||||| |||| 00| 0 eng d
020 _a0714834513 (paperback)
020 _a9780714834511 (paperback)
040 _c0
082 0 4 _a760.092
100 1 _aWatkins, Nicholas.
_95054
245 1 0 _aBonnard /
_cNicholas Watkins.
260 _aLondon :
_bPhaidon Press,
_c1996.
300 _a240 p. :
_bill. ;
_c30 cm.
520 _aThe French painter Pierre Bonnard is best known as a painter of intimate, domestic interiors, but he was also a highly accomplished draughtsman, producing a wealth of lithographs and drawings. He began his career as a graphic artist, producing posters and illustrations for "La Revue Blanche" and other magazines. Associated with the Nabis group from 1890, his early work is characterized by a tendency towards broad, flat colours and asymmetrical compositions derived from Paul Gauguin and Japanese prints. From 1900 his palette became richer and his mature work has ensured his reputation as one of the 20th century's great colourists. This book is a reassessment of Bonnard's life and work, arguing that he was not a sentimental survivor of Impressionism, as some have claimed, but a highly demanding and innovative artist who responded to new formal challenges.
650 1 0 _aArt, French
_95055
856 4 0 _3Amazon.com
_uhttp://www.amazon.com/exec/obidos/ASIN/0714834513/chopaconline-20
942 _aSADA
_cBK
_k760.092 WAT 1996
_2ddc
999 _c353318
_d353318